[Event "TUR-ch Seniors 65"]
[Site "Ankara"]
[Date "2023.05.24"]
[Round "6"]
[White "Cifci, Alaattin"]
[Black "Turkay, Metin"]
[Result "1/2-1/2"]
[WhiteElo "1141"]
[BlackElo "1399"]
[PlyCount "141"]
[EventDate "2023.05.19"]
[EventType "swiss"]
[EventRounds "9"]
[EventCountry "TUR"]
[SourceTitle "CBM 214 Extra"]
[Source "ChessBase"]
[SourceDate "2023.07.31"]
[SourceVersion "1"]
[SourceVersionDate "2023.07.31"]
[SourceQuality "1"]

1. c4 c5 2. b3 Nc6 3. Bb2 e5 4. e3 Nf6 5. Nc3 a6 6. a3 d5 7. cxd5 Nxd5 8. Qc2 Be6 9. Nf3 Be7 10. Bd3 h6 11. h4 0-0 12. Ne4 f5 13. Nxc5 Bxc5 14. Qxc5 e4 15. Bc4 exf3 16. gxf3 Qe7 17. Qxe7 Ncxe7 18. h5 Nc7 19. Rg1 Rf7 20. Be5 Bxc4 21. bxc4 Ne6 22. Rb1 Nc6 23. Bd6 f4 24. Rg6 Re8 25. c5 fxe3 26. fxe3 Ng5 27. f4 Ne4 28. Ke2 Nf6 29. Rh1 Kh7 30. Rg2 Nd5 31. Kd3 Nf6 32. Kc4 Rd7 33. Rh3 b6 34. d4 bxc5 35. Bxc5 Nd5 36. Rgg3 Rb8 37. Rg6 Na5+ 38. Kd3 Rb3+ 39. Kc2 Nxe3+ 40. Kc1 Rdb7 41. Bb4 Rc7+ 42. Bc5 Rxa3 43. Rxa6 Nb3+ 44. Kb2 Rxa6 45. Kxb3 Rb7+ 46. Kc3 Nd5+ 47. Kc4 Nxf4 48. Rh4 Ra4+ 49. Kc3 Nd5+ 50. Kd3 Rb3+ 51. Ke4 Nf6+ 52. Ke5 Nd7+ 53. Kd5 Rd3 54. Kc6 Nxc5 55. Kxc5 g6 56. hxg6+ Kxg6 57. Re4 h5 58. Re6+ Kg5 59. Rd6 h4 60. d5 Rxd5+ 61. Rxd5+ Kg4 62. Rd8 Kg3 63. Kb5 Rg4 64. Rd3+ Kh2 65. Rd2+ Rg2 66. Rd4 h3 67. Kc4 Kh1 68. Rd1+ Rg1 69. Rd3 h2 70. Kd4 Kg2 71. Ke4 1/2-1/2

[Event "TUR-ch Seniors 65"]
[Site "Ankara"]
[Date "2023.05.21"]
[Round "3"]
[White "Uysalli, Zuhtu"]
[Black "Turkay, Metin"]
[Result "0-1"]
[WhiteElo "1022"]
[BlackElo "1399"]
[PlyCount "40"]
[EventDate "2023.05.19"]
[EventType "swiss"]
[EventRounds "9"]
[EventCountry "TUR"]
[SourceTitle "CBM 214 Extra"]
[Source "ChessBase"]
[SourceDate "2023.07.31"]
[SourceVersion "1"]
[SourceVersionDate "2023.07.31"]
[SourceQuality "1"]

1. e4 c5 2. Nc3 e6 3. Nf3 Nc6 4. d4 cxd4 5. Nxd4 Nf6 6. Bg5 Be7 7. f3 0-0 8. a3 h6 9. Be3 d5 10. Bd3 e5 11. Nf5 Bxf5 12. exf5 d4 13. Bxh6 dxc3 14. Bc1 Qd4 15. bxc3 Qxc3+ 16. Bd2 Qd4 17. Rb1 Bc5 18. Qe2 e4 19. fxe4 Nxe4 20. Bxe4 Rfe8 0-1

[Event "TUR-ch Seniors 65"]
[Site "Ankara"]
[Date "2023.05.20"]
[Round "2"]
[White "Turkay, Metin"]
[Black "Topaloglu, Hayati"]
[Result "0-1"]
[WhiteElo "1399"]
[BlackElo "1674"]
[PlyCount "100"]
[EventDate "2023.05.19"]
[EventType "swiss"]
[EventRounds "9"]
[EventCountry "TUR"]
[SourceTitle "CBM 214 Extra"]
[Source "ChessBase"]
[SourceDate "2023.07.31"]
[SourceVersion "1"]
[SourceVersionDate "2023.07.31"]
[SourceQuality "1"]

1. d4 Nf6 2. c4 e6 3. Nc3 d5 4. Bf4 c6 5. Nf3 Nbd7 6. e3 Nh5 7. Bg3 Nxg3 8. hxg3 Bd6 9. Bd3 h6 10. g4 dxc4 11. Bxc4 Be7 12. Ne4 Nf6 13. Nxf6+ Bxf6 14. Qc2 Bd7 15. e4 Qa5+ 16. Kf1 0-0-0 17. g3 e5 18. dxe5 Bxe5 19. Rh5 f6 20. Qb3 Rhe8 21. Nh2 Qd2 22. Rxe5 Rxe5 23. Nf3 Qa5 24. Qe3 Re7 25. a3 Bxg4 26. b4 Qb6 27. Re1 Qxe3 28. Rxe3 Bxf3 29. Rxf3 Rxe4 30. Bb3 Rd2 31. Rf5 Re5 32. Rf4 Rb2 33. Bf7 Kd7 34. a4 Ke7 35. Bg8 a6 36. Rd4 Ree2 37. Rf4 Re5 38. Rd4 f5 39. Bh7 Rd5 40. Rf4 Kf6 41. g4 g5 42. Rf3 f4 43. b5 axb5 44. axb5 Rbxb5 45. Ra3 Rb2 46. Be4 Rdd2 47. Ra5 Rxf2+ 48. Kg1 Rfe2 49. Bd3 Re1+ 50. Bf1 Rbb1 0-1

[Event "TUR Cup"]
[Site "Ankara"]
[Date "2021.12.11"]
[Round "6"]
[White "Turkay, Metin"]
[Black "Acar, Cengiz Can"]
[Result "0-1"]
[WhiteElo "1465"]
[BlackElo "1744"]
[PlyCount "76"]
[EventDate "2021.12.08"]
[EventType "swiss"]
[EventRounds "9"]
[EventCountry "TUR"]
[SourceTitle "CBM 205 Extra"]
[Source "ChessBase"]
[SourceDate "2022.01.31"]
[SourceVersion "1"]
[SourceVersionDate "2022.01.31"]
[SourceQuality "1"]

1. d4 g6 2. c4 Bg7 3. Nc3 c5 4. e3 Nf6 5. Nf3 0-0 6. h3 cxd4 7. exd4 d5 8. cxd5 Nxd5 9. Be2 Nc6 10. 0-0 Bf5 11. a3 Rc8 12. Bd3 Be6 13. Bc2 h6 14. Re1 Na5 15. Bxg6 Nxc3 16. bxc3 Bb3 17. Bc2 Rxc3 18. Bxb3 Rxb3 19. Be3 Rb5 20. Qd3 Rd5 21. Rab1 Qd7 22. Qd2 Nc4 23. Qb4 b5 24. a4 a6 25. axb5 axb5 26. Red1 e5 27. Qc3 Rd8 28. Bc1 e4 29. Nd2 Bxd4 30. Qg3+ Rg5 31. Qh4 Bg7 32. Kh2 e3 33. Nf3 Qc7+ 34. g3 Rxd1 35. Nxg5 hxg5 36. Qxg5 e2 37. Rxb5 e1Q 38. Bf4 Qg1# 0-1